[Event "TCh-RUS Blitz 2015"]
[Site "Sochi RUS"]
[Date "2015.05.10"]
[Round "1.22"]
[White "Dragomarezkij, Evgeni"]
[Black "Inarkiev, Ernesto"]
[Result "0-1"]
[WhiteTitle "IM"]
[BlackTitle "GM"]
[WhiteElo "2393"]
[BlackElo "2664"]
[WhiteTeam "Our Heritage veterans (Moscow)"]
[BlackTeam "SHSM-Our Heritage-2 (Moscow)"]
[WhiteFideId "4101944"]
[BlackFideId "4162722"]
[EventDate "2015.05.10"]

1. c4 e6 2. d4 d5 3. Nc3 Nf6 4. cxd5 exd5 5. Bg5 c6 6. e3 Be7 7. Bd3 Nbd7 8. Qc2
Nh5 9. Bxe7 Qxe7 10. Nge2 g6 11. O-O O-O 12. Rab1 Ng7 13. b4 a6 14. Na4 Qd8 15.
Nc5 Nb6 16. a4 Qe7 17. b5 cxb5 18. axb5 a5 19. Ra1 Bf5 20. Nf4 Bxd3 21. Qxd3 Nf5
22. Qc3 g5 23. Nfd3 Nc4 24. Nb2 Nxb2 25. Qxb2 b6 26. Na4 Qb7 27. Qb3 Nd6 28.
Rfc1 Nc4 29. Rc2 Rac8 30. e4 Nd6 31. Rc6 Rxc6 32. bxc6 Qxc6 33. exd5 Qc4 34.
Qxb6 Qxd5 35. Qc5 Qxc5 36. dxc5 Nb5 37. Rb1 Nd4 38. Rb7 Rc8 39. Kf1 Rc6 40. Rb5
Nxb5 0-1

[Event "TCh-RUS Blitz 2015"]
[Site "Sochi RUS"]
[Date "2015.05.10"]
[Round "1.23"]
[White "Popov, Ivan RUS"]
[Black "Kremenietsky, Anatoly M."]
[Result "1-0"]
[WhiteTitle "GM"]
[BlackTitle "IM"]
[WhiteElo "2648"]
[BlackElo "2316"]
[WhiteTeam "SHSM-Our Heritage-2 (Moscow)"]
[BlackTeam "Our Heritage veterans (Moscow)"]
[WhiteFideId "4170350"]
[BlackFideId "4103467"]
[EventDate "2015.05.10"]

1. e4 d6 2. d4 Nf6 3. Nc3 g6 4. Be3 Bg7 5. f3 c6 6. Qd2 b5 7. Bd3 Nbd7 8. a4 b4
9. Nd1 a5 10. c3 Rb8 11. Ne2 O-O 12. O-O e5 13. Bh6 d5 14. Bxg7 Kxg7 15. Ne3
bxc3 16. bxc3 c5 17. exd5 exd4 18. cxd4 Bb7 19. Bc4 Nb6 20. dxc5 Nxc4 21. Nxc4
Ba6 22. Nd6 Bxe2 23. Qxe2 Nxd5 24. Qe5+ Nf6 25. Rfd1 Qd7 26. Ne4 Qe6 27. Qxe6
fxe6 28. Ng5 Rfe8 29. Rd6 e5 30. c6 Rb4 31. Rc1 1-0

[Event "TCh-RUS Blitz 2015"]
[Site "Sochi RUS"]
[Date "2015.05.10"]
[Round "1.24"]
[White "Melnik, Viktor"]
[Black "Potkin, Vladimir"]
[Result "0-1"]
[BlackTitle "GM"]
[WhiteElo "2141"]
[BlackElo "2599"]
[WhiteTeam "Our Heritage veterans (Moscow)"]
[BlackTeam "SHSM-Our Heritage-2 (Moscow)"]
[WhiteFideId "4189205"]
[BlackFideId "4131061"]
[EventDate "2015.05.10"]

1. e4 c5 2. Nf3 e6 3. d4 cxd4 4. Nxd4 Nc6 5. Nc3 Qc7 6. Be3 a6 7. Nxc6 bxc6 8.
Bd3 Nf6 9. O-O d5 10. Qe2 Be7 11. exd5 cxd5 12. Bd4 O-O 13. Be5 Qb6 14. b3 Bb7
15. Na4 Qc6 16. f3 Nd7 17. Bd4 e5 18. Bf2 e4 19. fxe4 dxe4 20. Bc4 Ne5 21. Nb6
Rad8 22. Rad1 Nxc4 23. Nxc4 Qg6 24. Rxd8 Rxd8 25. Be3 h6 26. Ne5 Qe6 27. Nc4 f5
28. g3 Bd5 29. Qf2 Rf8 30. Nd2 g5 31. c4 Bb7 32. c5 Kh7 33. Nc4 f4 34. gxf4 gxf4
35. Bxf4 Qg4+ 36. Qg3 Bxc5+ 37. Be3 Rxf1+ 38. Kxf1 Qf5+ 39. Ke2 Be7 40. Qe5 Qxe5
41. Nxe5 Bd6 42. Bd4 h5 43. Ke3 h4 44. Bc3 Kh6 45. h3 Kh5 46. Nc4 Be7 47. Be5
Bc8 48. Kxe4 Bxh3 49. Ke3 0-1

[Event "TCh-RUS Blitz 2015"]
[Site "Sochi RUS"]
[Date "2015.05.10"]
[Round "1.25"]
[White "Skomorokhin, Roman"]
[Black "Sjugirov, Sanan"]
[Result "0-1"]
[WhiteTitle "IM"]
[BlackTitle "GM"]
[WhiteElo "2381"]
[BlackElo "2670"]
[WhiteTeam "SK Volga (Kstovo)"]
[BlackTeam "Lada (Samara region)"]
[WhiteFideId "4112610"]
[BlackFideId "4189302"]
[EventDate "2015.05.10"]

1. d4 Nf6 2. c4 e6 3. Nf3 d5 4. e3 Be7 5. Nc3 O-O 6. a3 b6 7. cxd5 exd5 8. Bd3
Bb7 9. O-O Nbd7 10. b3 Ne4 11. Ne2 Bd6 12. Bb2 Qe7 13. Ng3 f5 14. Re1 a6 15. b4
g6 16. Qc2 h5 17. Nf1 Rae8 18. Rac1 Rf7 19. N3d2 Ndf6 20. f4 Nxd2 21. Qxd2 h4
22. h3 Ne4 23. Qe2 g5 24. fxg5 Qxg5 25. Bxa6 Bxa6 26. Qxa6 f4 27. Qb5 Ref8 28.
exf4 Bxf4 29. Rc6 Bg3 30. Rd1 Bf2+ 31. Kh2 Qf4+ 32. Kh1 Be3 33. Qxd5 Nf2+ 34.
Kg1 Nxh3+ 35. Kh1 Nf2+ 36. Kg1 Nxd1+ 37. Kh1 Nf2+ 38. Kg1 Ng4+ 0-1

[Event "TCh-RUS Blitz 2015"]
[Site "Sochi RUS"]
[Date "2015.05.10"]
[Round "1.26"]
[White "Bukavshin, Ivan"]
[Black "Skomorokhin, Vadim"]
[Result "1-0"]
[WhiteTitle "GM"]
[BlackTitle "FM"]
[WhiteElo "2648"]
[BlackElo "2342"]
[WhiteTeam "Lada (Samara region)"]
[BlackTeam "SK Volga (Kstovo)"]
[WhiteFideId "4199758"]
[BlackFideId "4119835"]
[EventDate "2015.05.10"]

1. d4 Nf6 2. Nf3 a6 3. Bg5 Ne4 4. Bf4 d5 5. Nbd2 Bf5 6. e3 e6 7. Bd3 Bd6 8. O-O
Bxf4 9. exf4 O-O 10. Re1 Nxd2 11. Qxd2 Bxd3 12. Qxd3 Nd7 13. c3 c5 14. dxc5 Nxc5
15. Qe3 Qb6 16. Rab1 Na4 17. Nd4 Rfe8 18. h4 Rac8 19. h5 h6 20. Qd2 Nc5 21. f3
Qd6 22. g4 Nd7 23. Kg2 b5 24. g5 hxg5 25. fxg5 e5 26. Nf5 Qe6 27. Ng3 f6 28.
Rbd1 Nb6 29. gxf6 Qxf6 30. b3 Rcd8 31. Qe3 d4 32. cxd4 Nd5 33. Qe4 Nf4+ 34. Kf2
Qh4 35. Rh1 Qf6 36. dxe5 Rxd1 37. exf6 Rxe4 38. Rxd1 Re6 39. fxg7 Kxg7 40. Rd4
Nh3+ 41. Kg2 Ng5 42. Rg4 Kh6 43. Nf5+ 1-0

[Event "TCh-RUS Blitz 2015"]
[Site "Sochi RUS"]
[Date "2015.05.10"]
[Round "1.27"]
[White "Talanin, Andrei"]
[Black "Frolyanov, Dmitry"]
[Result "0-1"]
[BlackTitle "GM"]
[WhiteElo "2279"]
[BlackElo "2569"]
[WhiteTeam "SK Volga (Kstovo)"]
[BlackTeam "Lada (Samara region)"]
[WhiteFideId "4117387"]
[BlackFideId "4151976"]
[EventDate "2015.05.10"]

1. d4 d5 2. c4 e6 3. Nf3 Nf6 4. g3 dxc4 5. Bg2 Nc6 6. O-O Rb8 7. a4 a6 8. a5 Bb4
9. Ne5 Nxe5 10. dxe5 Qxd1 11. Rxd1 Nd7 12. f4 O-O 13. Ra4 Bc5+ 14. Kh1 b5 15.
axb6 Nxb6 16. Ra1 Nd5 17. Ra4 Ne3 18. Bxe3 Bxe3 19. Rxc4 Rxb2 20. Bf3 c5 21. Kg2
Rb4 22. Rc3 Bd4 23. Ra3 g6 24. e3 Bb2 25. Ra5 c4 26. Rc5 a5 27. Be2 Bb7+ 28. Kh3
a4 29. Bxc4 a3 30. Ba2 Ra4 31. Rb5 Bd5 32. Bxd5 exd5 33. Nxa3 Bxa3 34. Rbxd5 Ra7
35. R1d3 h5 36. Rb5 Rc8 37. Rd2 Be7 38. Re2 Rca8 39. Rbb2 Ra3 40. Rbc2 Rd3 41.
e4 h4 42. Kg4 hxg3 43. hxg3 Raa3 44. Rg2 Bb4 45. e6 fxe6 46. Kg5 Rxg3+ 47. Rxg3
Rxg3+ 48. Kf6 Rf3 49. Rc8+ Bf8 50. Kg5 Kf7 51. Rc7+ Be7+ 52. Kg4 Rf1 53. Rb7 Re1
54. e5 Ra1 55. Rc7 Ra4 56. Kf3 Ke8 57. Rc8+ Kf7 58. Rc7 Ra1 59. Rb7 Rg1 60. Rc7
g5 61. fxg5 Rxg5 62. Ke4 Rg1 63. Rb7 Re1+ 64. Kf4 Rd1 65. Rb3 Ke8 66. Rb8+ Rd8
67. Rb6 Kf7 68. Rb7 Re8 69. Rb1 Ra8 70. Rb7 Ra5 71. Rc7 Ke8 72. Rb7 Rd5 73. Rb8+
Bd8 74. Rb7 Rd7 75. Rb6 Bxb6 0-1

[Event "TCh-RUS Blitz 2015"]
[Site "Sochi RUS"]
[Date "2015.05.10"]
[Round "1.28"]
[White "Predke, Alexandr"]
[Black "Shumilina, Alexandra"]
[Result "1-0"]
[BlackTitle "WIM"]
[WhiteElo "2533"]
[BlackElo "2238"]
[WhiteTeam "Lada (Samara region)"]
[BlackTeam "SK Volga (Kstovo)"]
[WhiteFideId "24107581"]
[BlackFideId "4165810"]
[EventDate "2015.05.10"]

1. e4 c5 2. Nf3 d6 3. d4 cxd4 4. Nxd4 Nf6 5. Nc3 a6 6. Be2 e5 7. Nb3 Be7 8. Be3
O-O 9. g4 Be6 10. g5 Nfd7 11. Qd2 b5 12. h4 Nb6 13. Nd5 Bxd5 14. exd5 N8d7 15.
Na5 f5 16. gxf6 Bxf6 17. Nc6 Qe8 18. O-O-O Kh8 19. Qb4 Be7 20. h5 Na4 21. Qg4
Nac5 22. b4 Nf6 23. Qg2 Na4 24. Rd3 e4 25. Rd2 Nc3 26. h6 g6 27. Bd4 Nxd5 28.
Nxe7 Qxe7 29. Qg5 Kg8 30. Bb2 Nxb4 31. a3 Nc6 32. Rhd1 Rad8 33. Kb1 Na5 34. f3
e3 35. Rd3 Nc4 36. Bc1 Rfe8 37. Rd4 Nd7 38. Qd5+ Qf7 39. Bxc4 bxc4 40. Qxf7+
Kxf7 41. Rxc4 Rb8+ 42. Ka2 Ne5 43. Rf4+ Ke6 44. Bxe3 Rbc8 45. Rd2 Rc6 46. Bd4
Rec8 47. c3 R8c7 48. Re2 Kd5 49. Rd2 Ke6 50. Re2 Kd5 51. Rf8 Nc4 52. f4 Rb7 53.
f5 gxf5 54. Rxf5+ Ne5 55. Rg5 Re7 56. Rg7 Rcc7 57. Rg5 Rb7 58. Rh2 Kc4 59. Rhg2
Nf3 60. Bf6 Rf7 61. R5g4+ Kd3 62. Bg7 Ne5 63. R4g3+ Ke4 64. Re2+ Kf4 65. Rg1 Nf3
66. Rf1 Kg3 67. Re3 Kg2 68. Rc1 Rfe7 69. Rc2+ Kg3 70. Rd3 Rf7 71. Rxd6 Kg4 72.
Rg2+ Kh3 73. Rf2 Kg3 74. Rc2 Ne1 75. Re2 Nf3 76. Rd3 Rbc7 77. Be5+ Kg4 78. Rg2+
Kh3 79. Rf2 Kg4 80. Bxc7 1-0

[Event "TCh-RUS Blitz 2015"]
[Site "Sochi RUS"]
[Date "2015.05.10"]
[Round "1.29"]
[White "Yudin, Sergei"]
[Black "Lugovskoy, Maxim"]
[Result "1/2-1/2"]
[WhiteTitle "GM"]
[BlackTitle "IM"]
[WhiteElo "2524"]
[BlackElo "2427"]
[WhiteTeam "Polytechnic (Nizhny Tagil)"]
[BlackTeam "Krasnodar region"]
[WhiteFideId "4159659"]
[BlackFideId "24126454"]
[EventDate "2015.05.10"]

1. b3 Nf6 2. Bb2 e6 3. f4 Be7 4. Nf3 O-O 5. g3 b6 6. Bg2 Bb7 7. O-O c5 8. d3 d5
9. Nbd2 d4 10. Re1 Nd5 11. Nf1 Nd7 12. e4 dxe3 13. c4 Nb4 14. Nxe3 Bf6 15. Bxf6
Nxf6 16. d4 cxd4 17. Nxd4 Bxg2 18. Nxg2 Qc7 19. a3 Nc6 20. Nb5 Qe7 21. Qd6 Qxd6
22. Nxd6 Nd4 23. Reb1 Rfd8 24. Nb5 Nxb5 25. cxb5 Rd3 26. b4 h5 27. Rc1 Rd2 28.
Ne3 Rad8 29. Nc4 R2d4 30. Ne5 Rd2 31. Nc4 R2d4 32. a4 h4 33. a5 h3 34. a6 Ng4
35. Rab1 Kh7 36. Kf1 Nxh2+ 37. Ke2 Ng4 38. Rc2 f5 39. Rh1 h2 40. Ne5 Re4+ 41.
Kf3 Re3+ 42. Kg2 Rxe5 43. Rxh2+ Kg6 44. fxe5 Ne3+ 45. Kf3 Nxc2 46. Rxc2 Rd5 47.
Rc7 Rxe5 48. Rxa7 Rxb5 49. Re7 Rxb4 50. a7 Ra4 51. Rxe6+ Kg5 52. Re7 g6 53. Rb7
Ra3+ 54. Kf2 b5 55. Rxb5 Ra2+ 56. Kf3 Ra3+ 57. Kf2 Rxa7 58. Rb4 Rc7 59. Kf3 Rc5
60. Kf2 Rc3 61. Kg2 Ra3 62. Kf2 Ra8 63. Kf3 Ra6 64. Kf2 Kh5 65. Kf3 Rd6 66. Kg2
Rd3 67. Kh3 Rd2 68. Rb8 Kg5 69. Rb6 Ra2 70. Rb4 Kh5 71. Rb5 Kg5 72. Rb4 Rc2 73.
Rb5 Rc4 74. Rb6 Ra4 75. Kg2 Ra3 76. Kf2 Kh5 77. Kg2 Ra4 78. Kf2 g5 79. Rb2 Kg4
80. Kg2 Rc4 81. Ra2 Rd4 82. Rb2 Ra4 83. Rc2 Kh5 84. Rb2 Rg4 85. Kf3 Ra4 86. Kg2
Kg4 87. Rc2 f4 88. gxf4 gxf4 89. Rc3 Rb4 90. Kf2 Rb8 91. Ra3 Rh8 92. Rb3 Rh2+
93. Kg1 Rc2 94. Kf1 Kf5 95. Ra3 Kg4 96. Rb3 f3 97. Rb8 Rc1+ 1/2-1/2

[Event "TCh-RUS Blitz 2015"]
[Site "Sochi RUS"]
[Date "2015.05.10"]
[Round "1.30"]
[White "Oganian, Miran"]
[Black "Goganov, Aleksey"]
[Result "1/2-1/2"]
[WhiteTitle "FM"]
[BlackTitle "GM"]
[WhiteElo "2371"]
[BlackElo "2609"]
[WhiteTeam "Krasnodar region"]
[BlackTeam "Polytechnic (Nizhny Tagil)"]
[WhiteFideId "4122488"]
[BlackFideId "24109959"]
[EventDate "2015.05.10"]

1. d4 Nf6 2. c4 e6 3. g3 Bb4+ 4. Bd2 c5 5. Bxb4 cxb4 6. Bg2 O-O 7. e4 d6 8. Ne2
e5 9. Qd2 a5 10. a3 Na6 11. O-O Re8 12. axb4 axb4 13. Rd1 Qc7 14. b3 b6 15. Nc1
Bb7 16. f3 exd4 17. Qxd4 Nc5 18. Rxa8 Rxa8 19. Qxd6 Qxd6 20. Rxd6 Nfd7 21. Rd2
Ra1 22. Rb2 Ne5 23. h4 f5 24. Kh2 fxe4 25. fxe4 Ng4+ 26. Kh3 Ne3 27. Bf3 Bxe4
28. Bxe4 Nxe4 29. Re2 Rxb1 30. Rxe3 Nc5 31. Ne2 Rxb3 32. Re8+ Kf7 33. Rb8 Re3
34. Nd4 Ne4 35. Rxb6 Rxg3+ 36. Kh2 Rg4 37. Nf5 Rf4 38. Ne3 Rxh4+ 39. Kg2 Rf4 40.
Rb7+ Kg6 41. Rxb4 Kh5 42. Rb5+ g5 43. Nd5 Rf2+ 44. Kg1 Rc2 45. Ne3 Rc3 46. Nf5
Rxc4 47. Re5 Rc1+ 48. Kg2 Rc2+ 49. Kf3 Nd2+ 50. Kg3 Rc3+ 51. Kg2 Nf3 52. Ng3+
Kg6 53. Re6+ Kf7 54. Rh6 Kg8 55. Nf5 Nh4+ 56. Nxh4 gxh4 57. Rxh4 Rb3 1/2-1/2

[Event "TCh-RUS Blitz 2015"]
[Site "Sochi RUS"]
[Date "2015.05.10"]
[Round "1.31"]
[White "Pogromsky, Mikhail"]
[Black "Zakaryan, David"]
[Result "1-0"]
[WhiteTitle "IM"]
[BlackTitle "FM"]
[WhiteElo "2428"]
[BlackElo "2322"]
[WhiteTeam "Polytechnic (Nizhny Tagil)"]
[BlackTeam "Krasnodar region"]
[WhiteFideId "4184688"]
[BlackFideId "24101923"]
[EventDate "2015.05.10"]

1. Nf3 Nf6 2. c4 g6 3. Nc3 Bg7 4. d4 d5 5. e3 O-O 6. cxd5 Nxd5 7. Bc4 Nb6 8. Bb3
Nc6 9. O-O Na5 10. Bc2 Bg4 11. h3 Be6 12. e4 c5 13. d5 Bd7 14. Rb1 Nac4 15. Qe2
e6 16. b3 Bxc3 17. bxc4 Bg7 18. Bg5 f6 19. Be3 Qc7 20. a4 Nc8 21. Rfd1 e5 22.
Bd2 Nd6 23. a5 Rae8 24. Bc3 h6 25. Bd3 Kh7 26. Nd2 Qc8 27. Nb3 Rf7 28. Qe3 b6
29. axb6 axb6 30. Nd2 Qc7 31. Rb2 f5 32. f3 f4 33. Qe2 g5 34. Rdb1 Nc8 35. Nf1
h5 36. Nh2 Rf6 37. Bc2 Rg6 38. Qd1 Rg8 39. Ba4 Bf8 40. Bxd7 Qxd7 41. Bxe5 Qe8
42. Bc3 Nd6 43. Qd3 g4 44. hxg4 hxg4 45. Nxg4 Qd7 46. e5 Nc8 47. e6 Qe7 48. Ne5 1-0

[Event "TCh-RUS Blitz 2015"]
[Site "Sochi RUS"]
[Date "2015.05.10"]
[Round "1.32"]
[White "Oganyan, Arsen"]
[Black "Vokarev, Sergey"]
[Result "0-1"]
[BlackTitle "GM"]
[WhiteElo "2282"]
[BlackElo "2456"]
[WhiteTeam "Krasnodar region"]
[BlackTeam "Polytechnic (Nizhny Tagil)"]
[WhiteFideId "4175492"]
[BlackFideId "4119711"]
[EventDate "2015.05.10"]

1. d4 Nf6 2. Nf3 g6 3. b3 Bg7 4. Bb2 O-O 5. g3 d5 6. Bg2 c5 7. O-O cxd4 8. Nxd4
Nc6 9. Nxc6 bxc6 10. Nd2 Re8 11. c4 e5 12. cxd5 cxd5 13. e3 Ba6 14. Re1 Qa5 15.
a3 Rad8 16. b4 Qb6 17. Nb3 Bc4 18. Na5 Bb5 19. Rc1 h5 20. Qc2 d4 21. exd4 exd4
22. Rxe8+ Rxe8 23. Qc5 d3 24. Nb3 Ne4 25. Qxb6 axb6 26. Bxg7 Kxg7 27. Rd1 Nc3
28. Rd2 Re1+ 29. Bf1 Ne4 30. Rb2 d2 31. Nxd2 Nxd2 0-1

[Event "TCh-RUS Blitz 2015"]
[Site "Sochi RUS"]
[Date "2015.05.10"]
[Round "1.33"]
[White "Smirnov, Alexey"]
[Black "Bocharov, Ivan"]
[Result "0-1"]
[BlackTitle "FM"]
[WhiteElo "2453"]
[BlackElo "2489"]
[WhiteTeam "BOC Russian Federation (Smolensk region)"]
[BlackTeam "56 parallel (Krasnoyarsk)"]
[WhiteFideId "4168437"]
[BlackFideId "4180887"]
[EventDate "2015.05.10"]

1. d4 f5 2. Nf3 Nf6 3. g3 g6 4. Bg2 Bg7 5. c4 O-O 6. O-O d6 7. Nc3 Qe8 8. Re1
Qf7 9. b3 Ne4 10. Bb2 Nc6 11. Rf1 Nxc3 12. Bxc3 h6 13. Rc1 e5 14. d5 Ne7 15. Nd2
Bd7 16. b4 e4 17. Qb3 Bxc3 18. Rxc3 b6 19. f3 exf3 20. Rcxf3 a5 21. e4 Qg7 22.
a3 axb4 23. axb4 Qd4+ 24. Qe3 Qxe3+ 25. Rxe3 fxe4 26. Nxe4 Nf5 27. Rc3 Ra4 28.
g4 Nd4 29. Nf6+ Rxf6 30. Rxf6 Ne2+ 31. Kf2 Nxc3 32. Rxg6+ Kh7 33. Rf6 Kg7 34.
Rf3 Ra2+ 35. Kg3 Ne4+ 0-1

[Event "TCh-RUS Blitz 2015"]
[Site "Sochi RUS"]
[Date "2015.05.10"]
[Round "1.34"]
[White "Kiriakov, Petr"]
[Black "Pakhomov, Alexey"]
[Result "1-0"]
[WhiteTitle "GM"]
[BlackTitle "IM"]
[WhiteElo "2535"]
[BlackElo "2356"]
[WhiteTeam "56 parallel (Krasnoyarsk)"]
[BlackTeam "BOC Russian Federation (Smolensk region)"]
[WhiteFideId "4119231"]
[BlackFideId "4129016"]
[EventDate "2015.05.10"]

1. d4 d5 2. c4 e6 3. Nc3 Nf6 4. cxd5 exd5 5. Bg5 Be7 6. e3 c6 7. Qc2 h6 8. Bh4
O-O 9. Bd3 Nbd7 10. Nf3 Re8 11. O-O Ne4 12. Bxe4 Bxh4 13. Bh7+ Kh8 14. Bd3 Bf6
15. b4 a6 16. a4 Nf8 17. b5 axb5 18. axb5 Bd7 19. Rab1 Bg4 20. Nd2 Ne6 21. bxc6
bxc6 22. h3 Bh5 23. g4 Bg6 24. Bxg6 fxg6 25. Qxg6 Qd7 26. Nf3 Rf8 27. Kg2 Ra3
28. Ne2 Ra2 29. Ng3 Ng5 30. Nxg5 Bxg5 31. Nf5 Raa8 32. Qd6 Qe8 33. Qe5 Qg6 34.
Rb7 Bf6 35. Qd6 h5 36. Rxg7 Qe8 37. Qd7 Qxd7 38. Rxd7 Rg8 39. Kg3 h4+ 40. Kf3
Ra3 41. Rb1 Rf8 42. Kg2 Ra2 43. Rbb7 Rfa8 44. Rh7+ Kg8 45. Nh6+ Kf8 46. Rbf7+
Ke8 47. Rxf6 1-0

[Event "TCh-RUS Blitz 2015"]
[Site "Sochi RUS"]
[Date "2015.05.10"]
[Round "1.35"]
[White "Draganov, Ruslan"]
[Black "Zablotsky, Sergei"]
[Result "0-1"]
[WhiteTitle "FM"]
[BlackTitle "GM"]
[WhiteElo "2195"]
[BlackElo "2525"]
[WhiteTeam "BOC Russian Federation (Smolensk region)"]
[BlackTeam "56 parallel (Krasnoyarsk)"]
[WhiteFideId "4108736"]
[BlackFideId "4131606"]
[EventDate "2015.05.10"]

1. e4 d6 2. d4 Nf6 3. Nc3 e5 4. Nf3 Nbd7 5. Bc4 Be7 6. h3 O-O 7. O-O c6 8. Qe2
b5 9. Bb3 a6 10. Bg5 h6 11. Bxf6 Bxf6 12. Rad1 Qc7 13. a3 exd4 14. Nxd4 Nc5 15.
Ba2 Rb8 16. b4 Nd7 17. Nb1 Nb6 18. f4 Re8 19. Qf3 c5 20. bxc5 Qxc5 21. c3 Bb7
22. Rfe1 Re7 23. Kh1 Rbe8 24. Nf5 Qxf5 25. Rxd6 Bxe4 26. Rxe4 Rxe4 27. Rxb6 Rxf4
28. Qb7 Rf1+ 0-1

[Event "TCh-RUS Blitz 2015"]
[Site "Sochi RUS"]
[Date "2015.05.10"]
[Round "1.36"]
[White "Mikhel, Vladislav"]
[Black "Romanenkov, Aleksandr"]
[Result "1-0"]
[WhiteTitle "FM"]
[WhiteElo "2347"]
[BlackElo "2105"]
[WhiteTeam "56 parallel (Krasnoyarsk)"]
[BlackTeam "BOC Russian Federation (Smolensk region)"]
[WhiteFideId "4140435"]
[BlackFideId "24118478"]
[EventDate "2015.05.10"]

1. e4 c5 2. Nf3 e6 3. d4 cxd4 4. Nxd4 Nf6 5. Bd3 e5 6. Nf3 Nc6 7. Bg5 Be7 8. Nc3
O-O 9. O-O d6 10. Bxf6 Bxf6 11. Nd5 Be6 12. c3 Bxd5 13. exd5 Ne7 14. Qb3 b6 15.
Nd2 Bg5 16. Ne4 Bh6 17. f3 f5 18. Nf2 Qc7 19. Rfe1 Kh8 20. Re2 Qc5 21. c4 Be3
22. Rae1 Bd4 23. Qa3 Ng6 24. Qxc5 bxc5 25. g3 Rab8 26. b3 a5 1-0

[Event "TCh-RUS Blitz 2015"]
[Site "Sochi RUS"]
[Date "2015.05.10"]
[Round "2.4"]
[White "Potkin, Vladimir"]
[Black "Dubov, Daniil"]
[Result "1/2-1/2"]
[WhiteTitle "GM"]
[BlackTitle "GM"]
[WhiteElo "2599"]
[BlackElo "2659"]
[WhiteTeam "SHSM-Our Heritage-2 (Moscow)"]
[BlackTeam "Our Heritage SHSM-1 (Moscow)"]
[WhiteFideId "4131061"]
[BlackFideId "24126055"]
[EventDate "2015.05.10"]

1. d4 Nf6 2. c4 e6 3. Nf3 d5 4. e3 c6 5. Nbd2 Nbd7 6. Bd3 Bd6 7. O-O O-O 8. e4
e5 9. cxd5 cxd5 10. exd5 exd4 11. Ne4 Nxe4 12. Bxe4 Nf6 13. Bg5 Re8 1/2-1/2

[Event "TCh-RUS Blitz 2015"]
[Site "Sochi RUS"]
[Date "2015.05.10"]
[Round "2.5"]
[White "Sjugirov, Sanan"]
[Black "Andreikin, Dmitry"]
[Result "1/2-1/2"]
[WhiteTitle "GM"]
[BlackTitle "GM"]
[WhiteElo "2670"]
[BlackElo "2723"]
[WhiteTeam "Lada (Samara region)"]
[BlackTeam "University (Belorechensk)"]
[WhiteFideId "4189302"]
[BlackFideId "4158814"]
[EventDate "2015.05.10"]

1. d4 d5 2. c4 c6 3. Nf3 Nf6 4. e3 Bf5 5. Nc3 e6 6. Nh4 Be4 7. f3 Bg6 8. Qb3 Qc7
9. Bd2 Bd6 10. g3 Nbd7 11. Rc1 dxc4 12. Bxc4 a6 13. Be2 c5 14. Na4 O-O 15. dxc5
Nxc5 16. Nxc5 Bxc5 17. Nxg6 hxg6 18. O-O Rac8 19. Kg2 Qe7 20. e4 Nd7 21. Rc2 Bd4
22. Rfc1 Rxc2 23. Rxc2 Nc5 24. Qc4 e5 25. Bb4 b6 26. Qxa6 Qg5 27. Bd2 Qxd2 28.
Rxd2 Nxa6 29. Bxa6 Ra8 30. Bc4 b5 31. Bxb5 Rxa2 32. Bc4 Rxb2 1/2-1/2

[Event "TCh-RUS Blitz 2015"]
[Site "Sochi RUS"]
[Date "2015.05.10"]
[Round "2.6"]
[White "Jobava, Baadur"]
[Black "Bukavshin, Ivan"]
[Result "1-0"]
[WhiteTitle "GM"]
[BlackTitle "GM"]
[WhiteElo "2699"]
[BlackElo "2648"]
[WhiteTeam "University (Belorechensk)"]
[BlackTeam "Lada (Samara region)"]
[WhiteFideId "13601520"]
[BlackFideId "4199758"]
[EventDate "2015.05.10"]

1. b3 Nf6 2. Bb2 g6 3. d4 Bg7 4. Nc3 d5 5. Qd2 b6 6. f3 Bb7 7. O-O-O Nbd7 8. e3
c6 9. Kb1 Qc7 10. g4 h6 11. h4 O-O-O 12. Nge2 e5 13. Bh3 Kb8 14. g5 hxg5 15.
hxg5 Nh5 16. Bg4 exd4 17. exd4 Rh7 18. Nf4 Nf8 19. Bxh5 gxh5 20. Rxh5 Bc8 21.
Rxh7 Nxh7 22. Nh5 Bf8 23. Bc1 Bf5 24. Qf4 Qxf4 25. Bxf4+ Kc8 26. Ng3 Bg6 27. Be5
Nxg5 28. Bf6 Nxf3 29. Bxd8 Kxd8 30. Nge2 Bd6 31. Kb2 Ng5 32. Rf1 Ne6 33. Nd1 Bh5
34. Ndc3 b5 35. Rh1 Bg6 36. Nd1 Be4 37. Rh8+ Kc7 38. Nf2 Bg6 39. Ng4 Bf5 40. Nh6
Bg6 41. c3 b4 42. Ng4 Bd3 43. Nc1 Bf5 44. Ne5 bxc3+ 45. Kxc3 c5 46. Nxf7 cxd4+
47. Kb2 Bb4 48. Ne5 Bc3+ 49. Ka3 Be4 50. Ncd3 a5 51. Rh6 Kd6 52. Nf7+ Ke7 53.
Nfe5 Ng5 54. Nc6+ Kd7 55. Nc5+ Kc7 56. Na6+ Kd7 57. Nc5+ Kc7 58. b4 d3 59. b5 d2
60. b6+ Kxb6 61. Na4+ Kb5 62. Nxc3+ Kc4 63. Kb2 d4 64. Ne5+ Kc5 65. Nxe4+ Kd5 1-0

[Event "TCh-RUS Blitz 2015"]
[Site "Sochi RUS"]
[Date "2015.05.10"]
[Round "2.7"]
[White "Frolyanov, Dmitry"]
[Black "Alekseev, Evgeny"]
[Result "0-1"]
[WhiteTitle "GM"]
[BlackTitle "GM"]
[WhiteElo "2569"]
[BlackElo "2653"]
[WhiteTeam "Lada (Samara region)"]
[BlackTeam "University (Belorechensk)"]
[WhiteFideId "4151976"]
[BlackFideId "4138147"]
[EventDate "2015.05.10"]

1. e4 e5 2. Nf3 Nc6 3. Bb5 Nf6 4. O-O Nxe4 5. d4 Nd6 6. dxe5 Nxb5 7. a4 Nbd4 8.
Nxd4 d5 9. exd6 Nxd4 10. Qxd4 Qxd6 11. Qe3+ Be6 12. Nc3 a6 13. Rd1 Qc5 14. Qg3
Bd6 15. Ne4 Bxg3 16. Nxc5 Bd6 17. Nxb7 Be7 18. Na5 O-O 19. Bf4 Bf6 20. Bxc7 Rfc8
21. Bg3 Rxc2 22. Rab1 Ba2 23. Rbc1 Rxb2 24. Nc4 Rb4 25. Nd6 Rxa4 26. Rc7 h6 27.
Rdc1 Be6 28. h3 a5 29. Nb7 Ra1 30. Rxa1 Bxa1 31. Nc5 a4 32. Rb7 a3 0-1

[Event "TCh-RUS Blitz 2015"]
[Site "Sochi RUS"]
[Date "2015.05.10"]
[Round "2.8"]
[White "Tregubov, Pavel V."]
[Black "Predke, Alexandr"]
[Result "1-0"]
[WhiteTitle "GM"]
[WhiteElo "2571"]
[BlackElo "2533"]
[WhiteTeam "University (Belorechensk)"]
[BlackTeam "Lada (Samara region)"]
[WhiteFideId "4115341"]
[BlackFideId "24107581"]
[EventDate "2015.05.10"]

1. d4 Nf6 2. c4 e6 3. Nf3 d5 4. Nc3 Bb4 5. cxd5 exd5 6. Bg5 h6 7. Bxf6 Qxf6 8.
e3 O-O 9. Bd3 c5 10. O-O Be6 11. dxc5 Bxc3 12. bxc3 Nd7 13. c6 bxc6 14. Nd4 c5
15. Nxe6 Qxe6 16. Rb1 Qe5 17. Qc2 Nf6 18. h3 c4 19. Be2 Ne4 20. Rbc1 Rab8 21.
Rfd1 Rb5 22. Bf3 Ng5 23. Qe2 Rfb8 24. Rc2 Rb1 25. Rd2 Qxc3 26. Bxd5 Rxd1+ 27.
Rxd1 Rb2 28. Qxc4 Qxc4 29. Bxc4 Ne4 30. Rd8+ Kh7 31. Bd3 f5 32. f3 Ng3 33. Kh2
Nh5 34. Bxf5+ 1-0